Prehistoric Japan, (Record no. 14523)
[ view plain ]
| 000 -LEADER | |
|---|---|
| fixed length control field | 00873cam a22002291 4500 |
| 001 - CONTROL NUMBER | |
| control field | ca 11002300 |
| 003 - CONTROL NUMBER IDENTIFIER | |
| control field | DLC |
| 005 - DATE AND TIME OF LATEST TRANSACTION | |
| control field | 20260227111056.0 |
| 008 - FIXED-LENGTH DATA ELEMENTS--GENERAL INFORMATION | |
| fixed length control field | 740326s1911 xx 000 0 eng |
| 010 ## - LIBRARY OF CONGRESS CONTROL NUMBER | |
| LC control number | ca 11002300 |
| 035 ## - SYSTEM CONTROL NUMBER | |
| System control number | (OCoLC)840622 |
| 040 ## - CATALOGING SOURCE | |
| Original cataloging agency | DLC |
| Transcribing agency | PBm |
| Modifying agency | DLC |
| 042 ## - AUTHENTICATION CODE | |
| Authentication code | premarc |
| 050 00 - LIBRARY OF CONGRESS CALL NUMBER | |
| Classification number | DS815 |
| Item number | .M8 |
| 100 1# - MAIN ENTRY--PERSONAL NAME | |
| Personal name | Munro, Neil Gordon, |
| Dates associated with a name | 1863-1942. |
| 245 10 - TITLE STATEMENT | |
| Title | Prehistoric Japan, |
| Statement of responsibility, etc. | by Neil Gordon Munro. |
| 260 ## - PUBLICATION, DISTRIBUTION, ETC. | |
| Place of publication, distribution, etc. | Yokohama, |
| Date of publication, distribution, etc. | 1911. |
| 300 ## - PHYSICAL DESCRIPTION | |
| Extent | xvii, 705 p., |
| Other physical details | illus., col. front., plates (part col., part fold.) maps (part fold.) |
| Dimensions | 24cm. |
| 500 ## - GENERAL NOTE | |
| General note | Preface dated January 15th, 1908, followed by note stating: Most of this book was destroyed by fire immediately after completion. Reprinting has been delayed through the author's absence ... January, 1911." |
| 651 #0 - SUBJECT ADDED ENTRY--GEOGRAPHIC NAME | |
| Geographic name | Japan |
| General subdivision | Antiquities. |
| 651 #0 - SUBJECT ADDED ENTRY--GEOGRAPHIC NAME | |
| Geographic name | Japan |
| General subdivision | Social life and customs. |
No items available.